000 01262nam a2200313 a 4500
001 ebr5006044
003 CaPaEBR
006 m u
007 cr cn|||||||||
008 950217s1995 hiu sb s001 0 eng
010 _z 95009836
020 _z0824817036 (acid-free paper)
040 _aCaPaEBR
_cCaPaEBR
035 _a(OCoLC)606494320
050 1 4 _aJA84.C6
_bW66 1995eb
082 0 4 _a320/.0951
_220
100 1 _aWood, Alan Thomas.
245 1 0 _aLimits to autocracy
_h[electronic resource] :
_bfrom Sung Neo-Confucianism to a doctrine of political rights /
_cAlan T. Wood.
260 _aHonolulu :
_bUniversity of Hawaii Press,
_cc1995.
300 _axvi, 264 p.
504 _aIncludes bibliographical references (p. 233-254) and index.
533 _aElectronic reproduction.
_bPalo Alto, Calif. :
_cebrary,
_d2013.
_nAvailable via World Wide Web.
_nAccess may be limited to ebrary affiliated libraries.
650 0 _aPolitical science
_zChina
_xHistory.
650 0 _aNeo-Confucianism.
651 0 _aChina
_xPolitics and government.
655 7 _aElectronic books.
_2local
710 2 _aebrary, Inc.
856 4 0 _uhttp://site.ebrary.com/lib/rucke/Doc?id=5006044
_zAn electronic book accessible through the World Wide Web; click to view
999 _c21045
_d21045